| 000 | 00359nam a2200145Ia 4500 | ||
|---|---|---|---|
| 008 | 260330s9999 xx 000 0 und d | ||
| 020 | _a9.7881219229e+012 | ||
| 082 |
_a519.5 _bARO/S |
||
| 100 | _aArora, P.N. | ||
| 245 | 0 | _aStatistics for Management | |
| 250 | _a5th | ||
| 260 |
_aNew Delhi _bS.Chand And Company Ltd _c2022 |
||
| 300 | _a628p. | ||
| 942 | _cBK | ||
| 999 |
_c53397 _d53397 |
||